000 00859nam a22002177a 4500
999 _c7299
_d7299
003 AR-CdUCM
008 190320b ||||| |||| 00| 0 spa d
040 _aMUNICIPALIDAD PROVINCIAL DEL CUSCO
_cBIBLIOTECA MUNICIPAL DEL CUSCO
082 _a385.1 /
_bG88
100 _aGuevara, Víctor J.
_920584
245 _aLa República del Perú y la Peruvian Corporation /
260 _aLima :
_c1932.
300 _a98 páginas ;
_c17 cm.
500 _aDonación familia Nieto
505 _aContenido: Proyecto de ley contra el abusivo recargo de las tarifas, presentado por el representante Dr. Victor J. Guevara -- Dictamen emitido por la comisión revisora de contratos -- Primer discurso del Dr. Victor J. Guevara ...
650 _aFerrocarriles
_910042
650 _aAspectos económicos
_9261
650 _aPerú
_935
942 _2ddc
_cLIBROS
945 _aafb